<?xml version="1.0" encoding="UTF-8"?>
<record
    xmlns:xsi="http://www.w3.org/2001/XMLSchema-instance"
    xsi:schemaLocation="http://www.loc.gov/MARC21/slim http://www.loc.gov/standards/marcxml/schema/MARC21slim.xsd"
    xmlns="http://www.loc.gov/MARC21/slim">

  <leader>04487nam a22002777a 4500</leader>
  <controlfield tag="003">DO-CoUTE</controlfield>
  <controlfield tag="005">20260511172801.0</controlfield>
  <controlfield tag="008">260511b        dr ||||| |||| 00| 0 spa d</controlfield>
  <datafield tag="040" ind1=" " ind2=" ">
    <subfield code="a">DO-CoUTE</subfield>
    <subfield code="b">spa</subfield>
    <subfield code="c">DO-CoUTE</subfield>
  </datafield>
  <datafield tag="041" ind1=" " ind2=" ">
    <subfield code="a">spa</subfield>
  </datafield>
  <datafield tag="092" ind1=" " ind2=" ">
    <subfield code="a">GEO 2025 R67</subfield>
  </datafield>
  <datafield tag="100" ind1="1" ind2=" ">
    <subfield code="a">Rosario Taveras, Chariza</subfield>
    <subfield code="e">Sustentante </subfield>
  </datafield>
  <datafield tag="245" ind1="1" ind2="0">
    <subfield code="a">An&#xE1;lisis Espacial De La Vulnerabilidad A Inundaciones En Los Alrededores Del Rio Yuna, Provincia S&#xE1;nchez Ram&#xED;rez, Y Su Relaci&#xF3;n Con La Presa De Hatillo / </subfield>
    <subfield code="c">Chariza Rosario Taveras, Rannelfi Tavarez Aquino, Danilsi Darlina Mar&#xED;a S&#xE1;nchez, Andioly Michel Garc&#xED;a Ramos, Renniel Apolinar Bel&#xE9;n Bautista ; Asesor, Octavio Jos&#xE9; L&#xF3;pez </subfield>
  </datafield>
  <datafield tag="260" ind1=" " ind2=" ">
    <subfield code="a">Cotu&#xED;, Rep&#xFA;blica Dominicana  ; </subfield>
    <subfield code="b">UTECO, </subfield>
    <subfield code="c">2025</subfield>
  </datafield>
  <datafield tag="502" ind1=" " ind2=" ">
    <subfield code="a"> Trabajo de Grado ( Ingenier&#xED;a en Geolog&#xED;a ) Universidad Tecnol&#xF3;gica del Cibao Oriental, 2025.
</subfield>
  </datafield>
  <datafield tag="504" ind1=" " ind2=" ">
    <subfield code="a"> Incluye referencia bibliogr&#xE1;fica e &#xED;ndice.
</subfield>
  </datafield>
  <datafield tag="520" ind1=" " ind2=" ">
    <subfield code="a">El estudio &#x201C;An&#xE1;lisis espacial de la vulnerabilidad a inundaciones en los alrededores
del r&#xED;o Yuna y su relaci&#xF3;n con la presa de Hatillo&#x201D; tiene como prop&#xF3;sito comprender la
din&#xE1;mica de las inundaciones en la provincia S&#xE1;nchez Ram&#xED;rez, identificar las zonas m&#xE1;s
expuestas y proponer estrategias que permitan reducir los riesgos para la poblaci&#xF3;n y
mejorar la gesti&#xF3;n territorial. El objetivo general de la investigaci&#xF3;n consiste en analizar
espacialmente la vulnerabilidad a inundaciones en el entorno del r&#xED;o Yuna, evaluando
simult&#xE1;neamente la influencia de la operaci&#xF3;n de la presa de Hatillo, con el fin de identificar
&#xE1;reas cr&#xED;ticas y ofrecer lineamientos para la reducci&#xF3;n del riesgo de desastres y una
planificaci&#xF3;n territorial m&#xE1;s segura.
La metodolog&#xED;a se bas&#xF3; en un enfoque mixto, combinando t&#xE9;cnicas cuantitativas y
cualitativas para lograr una visi&#xF3;n integral del fen&#xF3;meno. Se utilizaron Sistemas de
Informaci&#xF3;n Geogr&#xE1;fica (SIG) para generar modelos de elevaci&#xF3;n, pendientes, mapas
tem&#xE1;ticos y an&#xE1;lisis multicriterio que permitieran delimitar &#xE1;reas de susceptibilidad.
Adem&#xE1;s, se aplicaron encuestas estructuradas a hogares de zonas vulnerables, entrevistas
semiestructuradas a informantes clave (instituciones, comunidades, t&#xE9;cnicos) y
observaci&#xF3;n directa del territorio. Los datos fueron analizados mediante estad&#xED;stica
descriptiva y correlacional, as&#xED; como codificaci&#xF3;n tem&#xE1;tica en el componente cualitativo.
Esta estructura metodol&#xF3;gica permiti&#xF3; contrastar factores f&#xED;sicos, sociales, ambientales e
institucionales que inciden en el riesgo de inundaci&#xF3;n.
Los principales hallazgos y conclusiones evidencian que la vulnerabilidad en la zona del r&#xED;o Yuna es multifactorial. Un 35% del territorio analizado presenta alta probabilidad de inundaci&#xF3;n y existen microzonas cr&#xED;ticas como Cotu&#xED;&#x2013;Los Pomos, La Mata&#x2013;El Pescoz&#xF3;n y Fantino&#x2013;zona baja del canal mayor. El 42% de las parcelas
residenciales y agr&#xED;colas se ubican en &#xE1;reas de riesgo y m&#xE1;s del 80% de la poblaci&#xF3;n 
estudiada habita zonas de riesgo medio o alto. Adem&#xE1;s, el estudio muestra que el 28% de
los eventos de inundaci&#xF3;n de los &#xFA;ltimos cinco a&#xF1;os se asocia directamente a la apertura de
compuertas de la presa de Hatillo, lo que indica fallas en la coordinaci&#xF3;n y comunicaci&#xF3;n
institucional. Socialmente, el 62% de los hogares ha experimentado inundaciones recientes
y el 73% no dispone de un plan familiar de evacuaci&#xF3;n. Las viviendas precarias, la
degradaci&#xF3;n ambiental, la deficiente infraestructura de drenaje y la limitada capacidad
institucional contribuyen al incremento del riesgo. Pese a ello, se identificaron pr&#xE1;cticas
comunitarias espont&#xE1;neas de resiliencia que pueden fortalecerse mediante educaci&#xF3;n,
participaci&#xF3;n y sistemas de alerta efectivos. En conjunto, las conclusiones se&#xF1;alan la
necesidad de articular medidas estructurales, no estructurales, restauraci&#xF3;n ambiental,
ordenamiento territorial y fortalecimiento de la gobernanza para reducir de manera
sostenible la vulnerabilidad ante inundaciones en la zona del r&#xED;o Yuna.</subfield>
  </datafield>
  <datafield tag="650" ind1=" " ind2="4">
    <subfield code="a">Vulnerabilidad e Inundaciones </subfield>
  </datafield>
  <datafield tag="700" ind1="1" ind2=" ">
    <subfield code="a">Chariza Rosario Taveras</subfield>
    <subfield code="e">Sustentante </subfield>
  </datafield>
  <datafield tag="700" ind1="1" ind2=" ">
    <subfield code="a">Rannelfi Tavarez Aquino</subfield>
    <subfield code="e">Sustentante </subfield>
  </datafield>
  <datafield tag="700" ind1="1" ind2=" ">
    <subfield code="a">Danilsi Darlina Mar&#xED;a S&#xE1;nchez</subfield>
    <subfield code="e">Sustentante  </subfield>
  </datafield>
  <datafield tag="700" ind1="1" ind2=" ">
    <subfield code="a">Octavio Jos&#xE9; L&#xF3;pez</subfield>
    <subfield code="e">Asesor </subfield>
  </datafield>
  <datafield tag="830" ind1=" " ind2=" ">
    <subfield code="a">Tesis y disertaciones acad&#xE9;micas (Universidad Tecnol&#xF3;gica del Cibao Oriental)</subfield>
  </datafield>
  <datafield tag="856" ind1=" " ind2=" ">
    <subfield code="y">Haga Click Aqu&#xED; para Descargar en Texto Completo</subfield>
  </datafield>
  <datafield tag="942" ind1=" " ind2=" ">
    <subfield code="2">ddc</subfield>
    <subfield code="c">TH</subfield>
  </datafield>
  <datafield tag="999" ind1=" " ind2=" ">
    <subfield code="c">24185</subfield>
    <subfield code="d">24185</subfield>
  </datafield>
  <datafield tag="952" ind1=" " ind2=" ">
    <subfield code="0">0</subfield>
    <subfield code="1">0</subfield>
    <subfield code="2">ddc</subfield>
    <subfield code="4">0</subfield>
    <subfield code="7">0</subfield>
    <subfield code="8">eT</subfield>
    <subfield code="a">BU</subfield>
    <subfield code="b">BU</subfield>
    <subfield code="c">GEN</subfield>
    <subfield code="d">2026-05-11</subfield>
    <subfield code="i">24185</subfield>
    <subfield code="l">0</subfield>
    <subfield code="o">GEO 2025 R67</subfield>
    <subfield code="p">24185</subfield>
    <subfield code="r">2026-05-11 17:28:43</subfield>
    <subfield code="t">Ej.1</subfield>
    <subfield code="w">2026-05-11</subfield>
    <subfield code="y">TH</subfield>
  </datafield>
</record>
